Surveying for engineers (Record no. 112868)

MARC details
000 -LEADER
fixed length control field 00731cam a22002295a 4500
001 - CONTROL NUMBER
control field L154158
008 - FIXED-LENGTH DATA ELEMENTS--GENERAL INFORMATION
fixed length control field 111020s2010 xxk f 000 0 eng d
020 ## - INTERNATIONAL STANDARD BOOK NUMBER
International Standard Book Number 9780230221574
035 ## - SYSTEM CONTROL NUMBER
System control number (Sirsi) u154158
041 0# - LANGUAGE CODE
Language code of text/sound track or separate title eng
050 04 - LIBRARY OF CONGRESS CALL NUMBER
Classification number 526.902462
100 1# - MAIN ENTRY--PERSONAL NAME
Personal name Uren, J.
245 00 - TITLE STATEMENT
Title Surveying for engineers
250 ## - EDITION STATEMENT
Edition statement 5th ed.
260 ## - PUBLICATION, DISTRIBUTION, ETC.
Place of publication, distribution, etc. Basingstoke
Name of publisher, distributor, etc. Palgrave Macmillan
Date of publication, distribution, etc. 2010
520 ## - SUMMARY, ETC.
Summary, etc. Covers traditional surveying and includes information on the latest technological advancements. Includes worked examples, making it ideal for students.
590 ## - LOCAL NOTE (RLIN)
Local note KA
651 #4 - SUBJECT ADDED ENTRY--GEOGRAPHIC NAME
Geographic name United Kingdom
Chronological subdivision
690 ## - LOCAL SUBJECT ADDED ENTRY--TOPICAL TERM (OCLC, RLIN)
Topical term or geographic name as entry element ENVIRONMENTAL AND LAND CONSULTANCY-GEOMATICS-ENGINEERING SURVEYING
700 1# - ADDED ENTRY--PERSONAL NAME
Personal name Price, Bill
942 ## - ADDED ENTRY ELEMENTS (KOHA)
Suppress in OPAC 0
Holdings
Withdrawn status Lost status Source of classification or shelving scheme Damaged status Not for loan Home library Current library Shelving location Date acquired Cost, normal purchase price Total Checkouts Full call number Barcode Date last seen Copy number Cost, replacement price Price effective from Koha item type
    Dewey Decimal Classification     London London Books 24/10/2011 30.53   526.902462 URE 30079524 06/08/2019 1 30.53 06/08/2019 Book